| 000 | 01036nam a22003377a 4500 | ||
|---|---|---|---|
| 999 |
_c27978 _d27949 |
||
| 003 | EG-ScBUE | ||
| 005 | 20200130105507.0 | ||
| 006 | m||||fq||h 00| 0 | ||
| 008 | 200130t2004 ii a f 001 0 eng d | ||
| 020 | _a9788176569200 | ||
| 020 | _a8176569208 | ||
| 040 |
_aEG-ScBUE _beng _erda _cEG-ScBUE _dEG-ScBUE |
||
| 082 | 0 | 4 |
_a005.133 _bBAY _222 |
| 100 | 1 |
_aBayross, Ivan, _eauthor. |
|
| 245 | 1 | 0 |
_aProfessional oracle projects on linux / _cby Ivan Bayross. |
| 250 | _aFirst edition. | ||
| 264 | 1 |
_aNew Delhi : _bBPB Publications, _c[2004] |
|
| 264 | 4 | _cc 2004 | |
| 300 |
_axii, 517, ii pages : _billustrations ; _c27 cm + _e1 CD |
||
| 336 |
_2rdacontent _atext _btxt |
||
| 336 |
_2rdacontent _asounds _bsnd |
||
| 337 |
_2rdamedia _aunmediated _bn |
||
| 337 |
_2rdamedia _aaudio _bs |
||
| 338 |
_2rdacarrier _avolume _bnc |
||
| 338 |
_2rdacarrier _acomputer disc _bcd |
||
| 500 | _aIncludes index. | ||
| 650 | 7 |
_aOracle (Computer file) _2BUEsh _919157 |
|
| 653 |
_bGGEN _cJanuary2020 |
||
| 655 | _vReading book | ||
| 942 |
_2ddc _cBB |
||